000 00301nam a2200121Ia 4500
008 191201s2007 xx 000 0 und d
100 _aKRAMER,Steven L
245 0 _aGeotechnical Earthquake Engineering
260 _aN. delhi
_bPearson
_c2007
300 _a653
650 _aB.Tech(CE)
942 _2ddc
_cBK
999 _c6314
_d6314